<?xml version="1.0" encoding="UTF-8"?>
<record
    xmlns:xsi="http://www.w3.org/2001/XMLSchema-instance"
    xsi:schemaLocation="http://www.loc.gov/MARC21/slim http://www.loc.gov/standards/marcxml/schema/MARC21slim.xsd"
    xmlns="http://www.loc.gov/MARC21/slim">

  <leader>00824nam a22001577a 4500</leader>
  <controlfield tag="003">OSt</controlfield>
  <controlfield tag="005">20151211144638.0</controlfield>
  <controlfield tag="008">151211b        xxu||||| |||| 00| 0 eng d</controlfield>
  <datafield tag="040" ind1=" " ind2=" ">
    <subfield code="c">RUA </subfield>
  </datafield>
  <datafield tag="082" ind1=" " ind2=" ">
    <subfield code="a">ATM YIM 2004 B210 Or.1</subfield>
  </datafield>
  <datafield tag="100" ind1=" " ind2=" ">
    <subfield code="9">4712</subfield>
    <subfield code="a">YIM SIVON; &#x1799;&#x17B9;&#x1798; &#x179F;&#x17CA;&#x17B8;&#x179C;&#x179C;&#x17C9;&#x1793;.</subfield>
  </datafield>
  <datafield tag="245" ind1=" " ind2=" ">
    <subfield code="a">Sustainable of forest resource management through community in tbenglech village, tbeng commune, banteaysrey district, siamreap province, &#x1793;&#x17B7;&#x179A;&#x1793;&#x17D2;&#x178F;&#x1797;&#x17B6;&#x1796;&#x1793;&#x17C3;&#x1780;&#x17B6;&#x179A;&#x1782;&#x17D2;&#x179A;&#x1794;&#x17CB;&#x1782;&#x17D2;&#x179A;&#x1784;&#x1792;&#x1793;&#x1792;&#x17B6;&#x1793;&#x1796;&#x17D2;&#x179A;&#x17C3;&#x1788;&#x17BE;&#x178F;&#x17B6;&#x1798;&#x179A;&#x1799;&#x17C8;&#x179F;&#x17A0;&#x1782;&#x1798;&#x1793;&#x17CD;&#x1793;&#x17C5;&#x1797;&#x17BC;&#x1798;&#x17B7;&#x178F;&#x17D2;&#x1794;&#x17C2;&#x1784;&#x179B;&#x17B7;&#x1785; &#x1783;&#x17BB;&#x17C6;&#x178F;&#x17D2;&#x1794;&#x17C2;&#x1784; &#x179F;&#x17D2;&#x179A;&#x17BB;&#x1780;&#x1794;&#x1793;&#x17D2;&#x1791;&#x17B6;&#x1799;&#x179F;&#x17D2;&#x179A;&#x17B8; &#x1781;&#x17C1;&#x178F;&#x17D2;&#x178F;&#x179F;&#x17C0;&#x1798;&#x179A;&#x17B6;&#x1794;.</subfield>
  </datafield>
  <datafield tag="260" ind1=" " ind2=" ">
    <subfield code="a">Phnom Penh </subfield>
    <subfield code="b">RUA </subfield>
    <subfield code="c">2004 </subfield>
  </datafield>
  <datafield tag="300" ind1=" " ind2=" ">
    <subfield code="a">ix; 61p.</subfield>
    <subfield code="b">ill.</subfield>
    <subfield code="c">29cm.</subfield>
  </datafield>
  <datafield tag="942" ind1=" " ind2=" ">
    <subfield code="2">ddc</subfield>
    <subfield code="c">ATMSP</subfield>
  </datafield>
  <datafield tag="999" ind1=" " ind2=" ">
    <subfield code="c">4393</subfield>
    <subfield code="d">4393</subfield>
  </datafield>
  <datafield tag="952" ind1=" " ind2=" ">
    <subfield code="0">0</subfield>
    <subfield code="1">0</subfield>
    <subfield code="2">ddc</subfield>
    <subfield code="4">0</subfield>
    <subfield code="6">ATM_YIM_2004_000000000000000_B210_OR_1</subfield>
    <subfield code="7">0</subfield>
    <subfield code="9">22598</subfield>
    <subfield code="a">LBB</subfield>
    <subfield code="b">LBB</subfield>
    <subfield code="c">B210</subfield>
    <subfield code="d">2015-12-11</subfield>
    <subfield code="o">ATM YIM 2004 B210 Or.1</subfield>
    <subfield code="p">RUA033966</subfield>
    <subfield code="r">2015-12-11</subfield>
    <subfield code="w">2015-12-11</subfield>
    <subfield code="y">ATMSP</subfield>
  </datafield>
  <datafield tag="952" ind1=" " ind2=" ">
    <subfield code="0">0</subfield>
    <subfield code="1">0</subfield>
    <subfield code="2">ddc</subfield>
    <subfield code="4">0</subfield>
    <subfield code="6">ATM_YIM_2004_000000000000000_B210_OR_2</subfield>
    <subfield code="7">0</subfield>
    <subfield code="9">22599</subfield>
    <subfield code="a">LBB</subfield>
    <subfield code="b">LBB</subfield>
    <subfield code="c">B210</subfield>
    <subfield code="d">2015-12-11</subfield>
    <subfield code="o">ATM YIM 2004 B210 Or.2</subfield>
    <subfield code="p">RUA034212</subfield>
    <subfield code="r">2015-12-11</subfield>
    <subfield code="w">2015-12-11</subfield>
    <subfield code="y">ATMSP</subfield>
  </datafield>
  <datafield tag="952" ind1=" " ind2=" ">
    <subfield code="0">0</subfield>
    <subfield code="1">0</subfield>
    <subfield code="2">ddc</subfield>
    <subfield code="4">0</subfield>
    <subfield code="6">ATM_YIM_2004_000000000000000_B210_OR_3</subfield>
    <subfield code="7">0</subfield>
    <subfield code="9">22600</subfield>
    <subfield code="a">LBB</subfield>
    <subfield code="b">LBB</subfield>
    <subfield code="c">B210</subfield>
    <subfield code="d">2015-12-11</subfield>
    <subfield code="o">ATM YIM 2004 B210 Or.3</subfield>
    <subfield code="p">RUA016982</subfield>
    <subfield code="r">2015-12-11</subfield>
    <subfield code="w">2015-12-11</subfield>
    <subfield code="y">ATMSP</subfield>
  </datafield>
  <datafield tag="952" ind1=" " ind2=" ">
    <subfield code="0">0</subfield>
    <subfield code="1">0</subfield>
    <subfield code="2">ddc</subfield>
    <subfield code="4">0</subfield>
    <subfield code="6">ATM_YIM_2004_000000000000000_B210_OR_4</subfield>
    <subfield code="7">0</subfield>
    <subfield code="9">22601</subfield>
    <subfield code="a">LBB</subfield>
    <subfield code="b">LBB</subfield>
    <subfield code="c">B210</subfield>
    <subfield code="d">2015-12-11</subfield>
    <subfield code="o">ATM YIM 2004 B210 Or.4</subfield>
    <subfield code="p">RUA016700</subfield>
    <subfield code="r">2015-12-11</subfield>
    <subfield code="w">2015-12-11</subfield>
    <subfield code="y">ATMSP</subfield>
  </datafield>
  <datafield tag="952" ind1=" " ind2=" ">
    <subfield code="0">0</subfield>
    <subfield code="1">0</subfield>
    <subfield code="2">ddc</subfield>
    <subfield code="4">0</subfield>
    <subfield code="6">ATM_YIM_2004_000000000000000_B210_OR_5</subfield>
    <subfield code="7">0</subfield>
    <subfield code="9">22602</subfield>
    <subfield code="a">LBB</subfield>
    <subfield code="b">LBB</subfield>
    <subfield code="c">B210</subfield>
    <subfield code="d">2015-12-11</subfield>
    <subfield code="o">ATM YIM 2004 B210 Or.5</subfield>
    <subfield code="p">RUA016984</subfield>
    <subfield code="r">2015-12-11</subfield>
    <subfield code="w">2015-12-11</subfield>
    <subfield code="y">ATMSP</subfield>
  </datafield>
  <datafield tag="952" ind1=" " ind2=" ">
    <subfield code="0">0</subfield>
    <subfield code="1">0</subfield>
    <subfield code="2">ddc</subfield>
    <subfield code="4">0</subfield>
    <subfield code="6">ATM_YIM_2004_000000000000000_B210_OR_6</subfield>
    <subfield code="7">0</subfield>
    <subfield code="9">22603</subfield>
    <subfield code="a">LBB</subfield>
    <subfield code="b">LBB</subfield>
    <subfield code="c">B210</subfield>
    <subfield code="d">2015-12-11</subfield>
    <subfield code="o">ATM YIM 2004 B210 Or.6</subfield>
    <subfield code="p">RUA016842</subfield>
    <subfield code="r">2015-12-11</subfield>
    <subfield code="w">2015-12-11</subfield>
    <subfield code="y">ATMSP</subfield>
  </datafield>
  <datafield tag="952" ind1=" " ind2=" ">
    <subfield code="0">0</subfield>
    <subfield code="1">0</subfield>
    <subfield code="2">ddc</subfield>
    <subfield code="4">0</subfield>
    <subfield code="6">ATM_YIM_2004_000000000000000_B210_OR_7</subfield>
    <subfield code="7">0</subfield>
    <subfield code="9">22604</subfield>
    <subfield code="a">LBB</subfield>
    <subfield code="b">LBB</subfield>
    <subfield code="c">B210</subfield>
    <subfield code="d">2015-12-11</subfield>
    <subfield code="o">ATM YIM 2004 B210 Or.7</subfield>
    <subfield code="p">RUA016770</subfield>
    <subfield code="r">2015-12-11</subfield>
    <subfield code="w">2015-12-11</subfield>
    <subfield code="y">ATMSP</subfield>
  </datafield>
  <datafield tag="952" ind1=" " ind2=" ">
    <subfield code="0">0</subfield>
    <subfield code="1">0</subfield>
    <subfield code="2">ddc</subfield>
    <subfield code="4">0</subfield>
    <subfield code="6">ATM_YIM_2004_000000000000000_B210_OR_8</subfield>
    <subfield code="7">0</subfield>
    <subfield code="9">22605</subfield>
    <subfield code="a">LBB</subfield>
    <subfield code="b">LBB</subfield>
    <subfield code="c">B210</subfield>
    <subfield code="d">2015-12-11</subfield>
    <subfield code="o">ATM YIM 2004 B210 Or.8</subfield>
    <subfield code="p">RUA033516</subfield>
    <subfield code="r">2015-12-11</subfield>
    <subfield code="w">2015-12-11</subfield>
    <subfield code="y">ATMSP</subfield>
  </datafield>
  <datafield tag="952" ind1=" " ind2=" ">
    <subfield code="0">0</subfield>
    <subfield code="1">0</subfield>
    <subfield code="2">ddc</subfield>
    <subfield code="4">0</subfield>
    <subfield code="6">ATM_YIM_2004_000000000000000_B210_OR_9</subfield>
    <subfield code="7">0</subfield>
    <subfield code="9">22606</subfield>
    <subfield code="a">LBB</subfield>
    <subfield code="b">LBB</subfield>
    <subfield code="c">B210</subfield>
    <subfield code="d">2015-12-11</subfield>
    <subfield code="o">ATM YIM 2004 B210 Or.9</subfield>
    <subfield code="p">RUA033427</subfield>
    <subfield code="r">2015-12-11</subfield>
    <subfield code="w">2015-12-11</subfield>
    <subfield code="y">ATMSP</subfield>
  </datafield>
</record>
